000 01431nam a2200217Ia 4500
003 Ost
005 20260416102401.0
008 260416s9999||||xx |||||||||||||| ||und||
040 _cfsecg
041 _aara
082 _a657.023
100 _aخليفاتي جمال
_eمؤلف
245 0 _aتنظيم مهنة المحاسبة في الجزائر :
_bموجهة لطلبة:السنة الأولى ماستر؛ تخصص: محاسبة وتدقيق:السنة الثانية ماستر؛ تخصص: محاسبة /
_c خليفاتي جمال
260 _aالجزائر
_bجامعة الجزائر3: كلية العلوم الإقتصادية، العلوم التجارية وعلوم التسيير
_c2023
300 _a104 ورقة
_bايضاحات
_c12 سم
504 _aالمراجع ص.101
520 _aمفاهيم أساسية حول مهنة المحاسب،مهنة المحاسبة والعوامل البيئة المحيطة،نشأة وتطور مهنة المحاسبة في الجزائر ،تطور المنظمات المهنية في الجزائر،ممارسو .المهنة المحاسبية في الجزائر،أخلاقيات مهنة المحاسبة في الجزائر.
653 _aالمحاسبة:مهنة
710 _aجامعة الجزائر3: كلية العلوم الإقتصادية، العلوم التجارية وعلوم التسيير
_eناشر علمي
942 _cHANDOUT
999 _c41414
_d41414